书目信息 |
| 题名: |
美国的痛点
|
|
| 作者: | 唐纳德.普罗西罗 著 | |
| 分册: | ||
| 出版信息: | 北京 电子工业出版社 2015 |
|
| 页数: | 462页 | |
| 开本: | 23cm | |
| 丛书名: | ||
| 单 册: | ||
| 中图分类: | N171 , N171.2 | |
| 科图分类: | ||
| 主题词: | ||
| 电子资源: | ||
| ISBN: | 978-7-121-27270-7 | |
| 000 | 00721nam0 2200241 450 | |
| 001 | 1716 | |
| 001 | 01CN11910544@CSLN | |
| 005 | 20161130162830.40 | |
| 010 | @a978-7-121-27270-7@dCNY65.00 | |
| 100 | @a20151105d2015 em y0chiy50 ea | |
| 101 | 0 | @achi |
| 102 | @aCN@b110000 | |
| 105 | @ay z 000yy | |
| 200 | 1 | @a美国的痛点@e科学否定派如何威胁我们的未来@f(美)唐纳德·普罗西罗(Donald R.Prothero)著@g李芳译 |
| 210 | @a北京@c电子工业出版社@d2015 | |
| 215 | @a462页@d23cm | |
| 330 | @a科学技术·技术发展·研究 | |
| 517 | 1 | @a科学否定派如何威胁我们的未来 |
| 690 | @aN171@v5 | |
| 690 | @aN171.2@v4 | |
| 701 | @a唐纳德.普罗西罗@4著 | |
| 801 | 0 | @aCN@b大连网信软件有限公司图书馆·11@c20161130 |
| 905 | @aZUCC@dN171@e134 | |
| 美国的痛点:科学否定派如何威胁我们的未来/(美)唐纳德·普罗西罗(Donald R.Prothero)著/李芳译.-北京:电子工业出版社,2015 |
| 462页;23cm |
| ISBN 978-7-121-27270-7:CNY65.00 |
| 科学技术·技术发展·研究 |
| ● |
| 相关链接 |
|
|
|
|
正题名:美国的痛点
索取号:N171/134
 
预约/预借
| 序号 | 登录号 | 条形码 | 馆藏地/架位号 | 状态 | 备注 |
| 1 | 908172 | 209081722 | 第二样本阅览室/ [索取号:N171/134] | 在馆 | |
| 2 | 908173 | 209081731 | 第三借阅区/ [索取号:N171/134] | 在馆 | |
| 3 | 908174 | 209081740 | 第三借阅区/ [索取号:N171/134] | 在馆 | |
| 4 | 908175 | 209081759 | 第三借阅区/ [索取号:N171/134] | 在馆 | |
| 5 | 908176 | 209081768 | 第三借阅区/ [索取号:N171/134] | 在馆 |